Historia económica de Colombia en el siglo XIX / (Registro nro. 5321)

Detalles MARC
000 -LEADER
fixed length control field 01400nam a2200289Ia 4500
003 - CONTROL NUMBER IDENTIFIER
control field OSt
005 - DATE AND TIME OF LATEST TRANSACTION
control field 20200721191049.0
008 - FIXED-LENGTH DATA ELEMENTS--GENERAL INFORMATION
fixed length control field 191128s2005 ck abd gr 000 0dspa d
020 ## - INTERNATIONAL STANDARD BOOK NUMBER
International Standard Book Number 9586964043
040 ## - CATALOGING SOURCE
Original cataloging agency CO-JMCR
Transcribing agency CO-JMCR
041 0# - LANGUAGE CODE
Language code of text/sound track or separate title spa
082 04 - DEWEY DECIMAL CLASSIFICATION NUMBER
Classification number 330.9861 /
Item number P879h
Edition number 23
100 1# - MAIN ENTRY--PERSONAL NAME
Personal name Poveda Ramos, Gabriel,
Relator term autor
9 (RLIN) 7587
245 10 - TITLE STATEMENT
Title Historia económica de Colombia en el siglo XIX /
Statement of responsibility, etc. Gabriel Poveda Ramos
250 ## - EDITION STATEMENT
Edition statement Primera edición
260 ## - PUBLICATION, DISTRIBUTION, ETC.
Place of publication, distribution, etc. Medellin
260 ## - PUBLICATION, DISTRIBUTION, ETC.
Name of publisher, distributor, etc. Universidad Pontificia Bolivariana,
260 ## - PUBLICATION, DISTRIBUTION, ETC.
Date of publication, distribution, etc. 2005
300 ## - PHYSICAL DESCRIPTION
Extent 790 páginas :
Other physical details ilustraciones, gráficas, mapas a blanco y negro ;
Dimensions 24 cm.
500 ## - GENERAL NOTE
General note Incluye biografía del autor en solapa frontal.
504 ## - BIBLIOGRAPHY, ETC. NOTE
Bibliography, etc. note Bibliografía: páginas 785-790.
505 0# - FORMATTED CONTENTS NOTE
Formatted contents note La víspera del siglo XX -- Colombia en 1900-1904 -- El quinquenio de reyes (1904-1909) -- Centenario y económia La gran guerra y la postguerra (1914-1920) -- El gobierno de Pedro Nel Ospina -- Prosperidad a debe -- Crisis y recuperación
520 0# - SUMMARY, ETC.
Summary, etc. Este libro, como su nombre lo indica es una exposición ordenada y en un sólo texto de los principales acontesimientos, procesos y personajes que constituyeron el proceso de transformación de la economía del país desde el final del siglo XIX
650 14 - SUBJECT ADDED ENTRY--TOPICAL TERM
Topical term or geographic name entry element Historia económica
Chronological subdivision Siglo XX
9 (RLIN) 7588
650 24 - SUBJECT ADDED ENTRY--TOPICAL TERM
Topical term or geographic name entry element Economía colombiana
Chronological subdivision Siglo XX
9 (RLIN) 7589
942 ## - ADDED ENTRY ELEMENTS (KOHA)
Source of classification or shelving scheme Dewey Decimal Classification
Koha item type Books
Existencias
Withdrawn status Lost status Source of classification or shelving scheme Materials specified (bound volume or other part) Damaged status Not for loan Home library Current library Shelving location Date acquired Source of acquisition Full call number Barcode Date last seen Copy number Price effective from Koha item type
    Dewey Decimal Classification Donación--15/04/2018--     Biblioteca Pública José María del Castillo y Rada Biblioteca Pública José María del Castillo y Rada General Stacks 11/28/2019 Donación 330.9861 / P879h 430001914 05/16/2024 Ej.1 11/28/2019 Books